00801nam a2200217 a 450000100060000000300080000600500170001400800410003103500190007204000270009104100080011808200200012624500560014625000130020226000420021530000250025750400290028250502080031165000160051970000480053558461BD-RjUL20211209080627.0161218m19671970nyu 000 0 eng  a(BD-RjUL)58585 aMULcMULdBD-RjULbeng aeng 223a572.4bMET 00aMetabolic pathways /cedited by David M. Greenberg. a3rd. ed. aLondon :bAcademic Press,c1967-1975. aV. :bill. ;c23 cm. aIncludes bibliographies.0 av. 1. Energetics, tricarboxylic acid cycle, and carbohydrates -- v. 3. Amino acids and tetrapyrroles -- v. 4. Nucleic acids, protein synthesis, and coenzymes -- v. 7. Metabolism of sulfur compounds --  0aMetabolism.1 aGreenberg, David M.q(David Morris),d1895-